000 01013naa a2200277 c 4500
001 42759
003 ES-MaCES
005 20140923143558.0
008 120509n2009 sp t 010 | spa d
035 _aCES20120003698v
040 _aES-MaCES
_bspa
_cES-MaCES
100 1 _aOlarte Encabo, Sofía
_919896
245 1 3 _aLa incapacidad permanente
_b: nivel no contributivo
_cSofía Olarte Encabo, Amparo M. Molina Martín
504 _aBibliografía: p. 866-867
650 4 _aEspaña
_926964
650 4 _aprestaciones no contributivas
_930900
650 4 _aprestaciones de invalidez
_927036
650 4 _adiscapacidad permanente
_929675
650 4 _aseguridad social
_927034
653 1 0 _aSeguridad Social
700 1 _aMolina Martín, Amparo M.
_918781
773 0 _tLa Seguridad Social a la luz de sus reformas pasadas, presentes y futuras
_gp. 851-867 SR.- 6.0.1. - 54
_w(ES-MaCES)21026
902 _aARL Artículo de libro
942 _2CES
_cAR
_h3.0.
999 _c42759
_d42759